| 000 | 01969nam a2200493 i 4500 | ||
|---|---|---|---|
| 001 | 36853 | ||
| 003 | KOSZ 005 | ||
| 005 | 20200818113633.0 | ||
| 008 | 000419s1999 pl a f |000 0 pol | ||
| 015 | _aPB 2000/11946 | ||
| 040 |
_aWA N _cWA N _dKOSZ 005/HR |
||
| 041 | 0 |
_apol _beng |
|
| 046 | _k1999 | ||
| 080 | _a639.22(261.24) | ||
| 080 | _a597.2/.5(261.24) | ||
| 080 | _a574.4(261.24) | ||
| 100 | 1 |
_aHeese, Tomasz _d(1959- ) _eAutor |
|
| 245 | 1 | 0 |
_aZasoby ryb słodkowodnych dostępnych w przybrzeżnych wodach środkowego wybrzeża i zasady ich racjonalnej eksploatacji / _cTomasz Hesse ; Politechnika Koszalińska. |
| 260 |
_aKoszalin : _bWydaw. Uczelniane PK, _c1999. |
||
| 300 |
_a79 s., [4] s. tabl. kolor. : _bil., mapy ; _c24 cm. |
||
| 336 |
_2rdacontent _aTekst _btxt |
||
| 337 |
_2rdamedia _aBez urządzenia pośredniczącego _bn |
||
| 338 |
_2rdacarrier _aWolumin _bnc |
||
| 380 | _aKsiążki | ||
| 380 | _aPublikacje naukowe | ||
| 388 | _a1901-2000 | ||
| 388 | _a1989-2000 | ||
| 490 | 1 | _aMonografia Wydziału Budownictwa i Inżynierii Środowiska. | |
| 500 | _aISSN 0239-7129 oraz nr 69 odnosi się do pierwotnego tyt. serii: Monografie / Wyższa Szkoła Inżynierska w Koszalinie. | ||
| 504 | _aBibliogr. | ||
| 546 | _aStreszcz. ang. | ||
| 650 | 4 | _aBiomasa | |
| 650 | 4 | _aRyby słodkowodne | |
| 650 | 4 | _aRybołówstwo | |
| 651 | 4 | _aBałtyk (wybrzeże) | |
| 651 | 4 | _aPolska | |
| 658 | _aRolnictwo i leśnictwo | ||
| 658 | _aBiologia | ||
| 710 | 2 |
_aWydawnictwo Uczelniane (Politechnika Koszalińska) _4pbl. |
|
| 830 | 0 | _aMonografia Wydziału Budownictwa i Inżynierii Środowiska - Politechnika Koszalińska | |
| 856 |
_uhttp://dlibra.tu.koszalin.pl/dlibra/docmetadata?id=394&from=&dirids=1&ver_id=&lp=1&QI= _yBiblioteka Cyfrowa |
||
| 856 |
_uhttp://koha.tu.koszalin.pl/cgi-bin/koha/opac-detail.pl?biblionumber=36853 _yKatalog online BPK |
||
| 942 |
_2UKD _cKS |
||
| 999 |
_c36853 _d36853 |
||